000 00267nam a2200109Ia 4500
008 220204s9999 xx 000 0 und d
082 _a82-3
_bAND
100 _aAnderson, Patrick
245 4 _aThe President's mistress
260 _aNew York
_bPocket
_c1976
942 _cBK
999 _c28480
_d28480